01092nam a22002177a 4500003000900000008004100009040007100050082002300121110005500144245006700199260003100266300002900297440007500326505031600401650001200717650002500729700003000754700003100784700003100815700002800846AR-CdUCM190425b ||||| |||| 00| 0 spa d aMUNICIPALIDAD PROVINCIAL DEL CUSCOcBIBLIOTECA MUNICIPAL DEL CUSCO aJusticia/N°1/1966 aUniversidad Nacional de San Antonio Abad del Cusco aJusticia :bÓrgano del Centro Federado Facultad de Derecho / aCusco.bH.G. Rozas,c1966. a173 páginas. :c24 cm. aJusticia Órgano del Centro Federado Facultad de Derecho.nN° 1.1966 aContenido: Ciencia Jurídica al servicio del Perú como país en vía de desarrollo. Carlos Ferdinand Cuadros. -- El problema sexual de las prisiones. Bertha Dedregori de Nieto. -- La subsistencia del dominio privado sobre las aguas en el Perú. -- Antropología una perspectiva en la Ciencia del Derecho. aDerecho aCiencias Jurídicas aCuadros, Carlos Ferdinand aDegregori de Nieto, Martha aSánchez Garrafa, Rodolfo aChallco Vizcarra, Pedro